<?xml version="1.0" encoding="UTF-8"?>
<record
    xmlns:xsi="http://www.w3.org/2001/XMLSchema-instance"
    xsi:schemaLocation="http://www.loc.gov/MARC21/slim http://www.loc.gov/standards/marcxml/schema/MARC21slim.xsd"
    xmlns="http://www.loc.gov/MARC21/slim">

  <leader>00762nam a22001937b 4500</leader>
  <controlfield tag="005">20241113142907.0</controlfield>
  <controlfield tag="008">241113b        sa o|||| |||| 00| 0 AFR d</controlfield>
  <datafield tag="020" ind1=" " ind2=" ">
    <subfield code="a">9781990973468</subfield>
    <subfield code="q">pbk</subfield>
  </datafield>
  <datafield tag="040" ind1=" " ind2=" ">
    <subfield code="a">RDA</subfield>
    <subfield code="c">OCLC</subfield>
  </datafield>
  <datafield tag="041" ind1=" " ind2=" ">
    <subfield code="2">A</subfield>
  </datafield>
  <datafield tag="082" ind1=" " ind2=" ">
    <subfield code="a">364.1523 BOOY</subfield>
  </datafield>
  <datafield tag="100" ind1=" " ind2=" ">
    <subfield code="a">Booysen, Ben '' Bliksem''</subfield>
    <subfield code="9">190799</subfield>
  </datafield>
  <datafield tag="245" ind1=" " ind2=" ">
    <subfield code="a">OP die duiwel se spoor</subfield>
    <subfield code="b">Hoe ek die Krugersdorpmoordenaars vasgetrek het.</subfield>
    <subfield code="c">by Ben  Booysen</subfield>
  </datafield>
  <datafield tag="260" ind1=" " ind2=" ">
    <subfield code="a">Kaapstad</subfield>
    <subfield code="b">Melinda Ferguson Books</subfield>
    <subfield code="c">2022</subfield>
  </datafield>
  <datafield tag="300" ind1=" " ind2=" ">
    <subfield code="a">229 pages</subfield>
    <subfield code="c">23 cm</subfield>
  </datafield>
  <datafield tag="650" ind1=" " ind2=" ">
    <subfield code="a">Murder ; Criminals;  Social sciences;  Criminology;  Social problems;  Social services;  Offenses against the person;  Murder;  Homicide </subfield>
    <subfield code="z"> South Africa ; Krugersdorp </subfield>
    <subfield code="9">190800</subfield>
  </datafield>
  <datafield tag="700" ind1=" " ind2=" ">
    <subfield code="a">Salzwedel, Ilse</subfield>
    <subfield code="e">Translator</subfield>
    <subfield code="9">190801</subfield>
  </datafield>
  <datafield tag="942" ind1=" " ind2=" ">
    <subfield code="2">ddc</subfield>
    <subfield code="c">BOOK</subfield>
    <subfield code="w">174</subfield>
    <subfield code="x">Sanet Schoeman</subfield>
    <subfield code="y">174</subfield>
    <subfield code="z">Sanet Schoeman</subfield>
  </datafield>
  <datafield tag="999" ind1=" " ind2=" ">
    <subfield code="c">770366</subfield>
    <subfield code="d">770365</subfield>
  </datafield>
  <datafield tag="952" ind1=" " ind2=" ">
    <subfield code="0">0</subfield>
    <subfield code="1">0</subfield>
    <subfield code="2">ddc</subfield>
    <subfield code="4">0</subfield>
    <subfield code="7">0</subfield>
    <subfield code="8">300</subfield>
    <subfield code="a">STANRL</subfield>
    <subfield code="b">BALFL</subfield>
    <subfield code="c">Non_Fiction</subfield>
    <subfield code="d">2024-11-13</subfield>
    <subfield code="g">279.95</subfield>
    <subfield code="l">0</subfield>
    <subfield code="o">364.1523 BOOY</subfield>
    <subfield code="p">3322803189952</subfield>
    <subfield code="r">2024-11-13</subfield>
    <subfield code="w">2024-11-13</subfield>
    <subfield code="y">BOOK</subfield>
  </datafield>
  <datafield tag="952" ind1=" " ind2=" ">
    <subfield code="0">0</subfield>
    <subfield code="1">0</subfield>
    <subfield code="2">ddc</subfield>
    <subfield code="4">0</subfield>
    <subfield code="7">0</subfield>
    <subfield code="8">300</subfield>
    <subfield code="a">STANRL</subfield>
    <subfield code="b">SECL</subfield>
    <subfield code="c">Non_Fiction</subfield>
    <subfield code="d">2024-11-13</subfield>
    <subfield code="g">279.95</subfield>
    <subfield code="l">0</subfield>
    <subfield code="o">364.1523 BOOY</subfield>
    <subfield code="p">3322803189951</subfield>
    <subfield code="r">2024-11-13</subfield>
    <subfield code="w">2024-11-13</subfield>
    <subfield code="y">BOOK</subfield>
  </datafield>
  <datafield tag="952" ind1=" " ind2=" ">
    <subfield code="0">0</subfield>
    <subfield code="1">0</subfield>
    <subfield code="2">ddc</subfield>
    <subfield code="4">0</subfield>
    <subfield code="7">0</subfield>
    <subfield code="8">300</subfield>
    <subfield code="a">STANRL</subfield>
    <subfield code="b">BETHL</subfield>
    <subfield code="c">Non_Fiction</subfield>
    <subfield code="d">2024-11-13</subfield>
    <subfield code="g">279.95</subfield>
    <subfield code="l">0</subfield>
    <subfield code="o">364.1523 BOOY</subfield>
    <subfield code="p">3322803189950</subfield>
    <subfield code="r">2024-11-13</subfield>
    <subfield code="w">2024-11-13</subfield>
    <subfield code="y">BOOK</subfield>
  </datafield>
  <datafield tag="952" ind1=" " ind2=" ">
    <subfield code="0">0</subfield>
    <subfield code="1">0</subfield>
    <subfield code="2">ddc</subfield>
    <subfield code="4">0</subfield>
    <subfield code="7">0</subfield>
    <subfield code="8">300</subfield>
    <subfield code="a">STANRL</subfield>
    <subfield code="b">KINRL</subfield>
    <subfield code="c">Non_Fiction</subfield>
    <subfield code="d">2024-11-13</subfield>
    <subfield code="g">279.95</subfield>
    <subfield code="l">0</subfield>
    <subfield code="o">364.1523 BOOY</subfield>
    <subfield code="p">3322803189949</subfield>
    <subfield code="r">2024-11-13</subfield>
    <subfield code="w">2024-11-13</subfield>
    <subfield code="y">BOOK</subfield>
  </datafield>
</record>
